Telfair Museum of Art (Record no. 1453)

MARC details
000 -CABECERA
campo de control de longitud fija 00701nam a2200205 a 4500
001 - NÚMERO DE CONTROL
campo de control BRCA_1655
005 - FECHA Y HORA DE LA ÚLTIMA TRANSACCIÓN
campo de control 20190320203507.0
008 - DATOS DE LONGITUD FIJA--INFORMACIÓN GENERAL
campo de control de longitud fija 050207s2005 gaua---##b---#001-0#eng-d
020 ## - NÚMERO INTERNACIONAL ESTÁNDAR DEL LIBRO
Número Internacional Estándar del Libro 0933075049
040 ## - FUENTE DE LA CATALOGACIÓN
Centro catalogador/agencia de origen MoSR
Centro/agencia transcriptor MoSR
Centro/agencia modificador DNGA
050 #4 - SIGNATURA TOPOGRÁFICA DE LA BIBLIOTECA DEL CONGRESO
Número de clasificación N743
Número de documento/Ítem .T45 2005
245 10 - MENCIÓN DE TÍTULO
Título Telfair Museum of Art
Resto del título collection highlights
Mención de responsabilidad, etc. Hollis Koons McCullough, editor.
260 ## - PUBLICACIÓN, DISTRIBUCIÓN, ETC.
Lugar de publicación, distribución, etc. Savannah, Ga.
Nombre del editor, distribuidor, etc. Telfair Museum of Art
Fecha de publicación, distribución, etc. c2005
300 ## - DESCRIPCIÓN FÍSICA
Extensión 320 p.
Otras características físicas il. a color
Dimensiones 32 cm.
504 ## - NOTA DE BIBLIOGRAFÍA, ETC.
Nota de bibliografía, etc. Incluye referencias bibliográficas e índice
610 24 - PUNTO DE ACCESO ADICIONAL DE MATERIA--NOMBRE DE ENTIDAD CORPORATIVA
Nombre de entidad corporativa o nombre de jurisdicción como elemento de entrada Telfair Museum of Art
Subdivisión de forma Catálogos
9 (RLIN) 5161
650 14 - PUNTO DE ACCESO ADICIONAL DE MATERIA--TÉRMINO DE MATERIA
Término de materia o nombre geográfico como elemento de entrada Arte
Subdivisión de forma Catálogos
Subdivisión geográfica Georgia (Estados Unidos)
9 (RLIN) 5162
700 1# - PUNTO DE ACCESO ADICIONAL--NOMBRE DE PERSONA
Nombre de persona McCullough, Hollis Koons
9 (RLIN) 5163
942 ## - ELEMENTOS DE PUNTO DE ACCESO ADICIONAL (KOHA)
Fuente del sistema de clasificación o colocación Library of Congress Classification
Tipo de ítem Koha Libros
Holdings
Estado de retiro Estado de pérdida Estado dañado No para préstamo Localización permanente Ubicación/localización actual Fecha de adquisición Total de préstamos Signatura topográfica completa Código de barras Fecha visto por última vez Precio válido a partir de Tipo de ítem Koha
El ejemplar forma parte de la colección y puede ser consultado según las políticas vigentes.       Biblioteca del Museo Franz Mayer (Rogerio Casas-Alatriste) Biblioteca del Museo Franz Mayer (Rogerio Casas-Alatriste) 27/06/2008   N743 .T45 2005 02228 22/03/2019 22/03/2019 Libros